Online
Catalog

Evolución de la moral social y su influencia en la educación del niño / (Record no. 6041)

MARC details
000 -CABECERA
campo de control de longitud fija 00648nam a2200193 a 4500
001 - NÚMERO DE CONTROL
campo de control 000006246
005 - FECHA Y HORA DE LA ÚLTIMA TRANSACCIÓN
campo de control 20200929153915.0
008 - DATOS DE LONGITUD FIJA--INFORMACIÓN GENERAL
campo de control de longitud fija 090827s1998 dr 001 spa d
040 ## - FUENTE DE LA CATALOGACIÓN
Centro catalogador/agencia de origen DO-SdBNP
082 ## - NÚMERO DE LA CLASIFICACIÓN DECIMAL DEWEY
Número de clasificación xxx
Número de documento/Ítem M843e
049 ## - FONDOS LOCALES (OCLC)
Fondos de biblioteca BNPD
100 1# - ENTRADA PRINCIPAL--NOMBRE DE PERSONA
Nombre de persona Moreno Herrada, Felix Leovigildo
9 (RLIN) 17446
245 10 - MENCIÓN DE TÍTULO
Título Evolución de la moral social y su influencia en la educación del niño /
Mención de responsabilidad, etc. Felix Leovigildo Moreno Herrada.
260 ## - PUBLICACIÓN, DISTRIBUCIÓN, ETC.
Lugar de publicación, distribución, etc. Santo Domingo, :
Nombre del editor, distribuidor, etc. Taller,
Fecha de publicación, distribución, etc. 1998.
300 ## - DESCRIPCIÓN FÍSICA
Extensión 101 p. ;
Dimensiones 22 cm.
500 ## - NOTA GENERAL
Nota general Incluye referencias bibliográficas
500 ## - NOTA GENERAL
Nota general Incluye datos biográficos
700 1# - PUNTO DE ACCESO ADICIONAL--NOMBRE DE PERSONA
Nombre de persona Moreno San Juan, José Luis
Término indicativo de función/relación prólogo
9 (RLIN) 2397
Holdings
Estado de retiro Estado de pérdida No para préstamo Código de colección Localización permanente Ubicación/localización actual Ubicación en estantería Fecha de adquisición Número de inventario Total de préstamos Signatura topográfica completa Código de barras Fecha visto por última vez Número de copia Precio válido a partir de Tipo de ítem Koha
    Excluido de préstamo Patrimonio Dominicano Patrimonio Dominicano Patrimonio Dominicano En catalogación 27.08.2009 LF1   xxx M843e 6246-10 25.06.2020 e. 2 25.06.2020 Libro y Folleto Colección Patrimonio Dominicano
    Excluido de préstamo Patrimonio Dominicano Patrimonio Dominicano Patrimonio Dominicano En catalogación 27.08.2009 LF1   xxx M843e 6246-20 25.06.2020   25.06.2020 Libro y Folleto Colección Patrimonio Dominicano

Powered by Koha